| 000 | 00456nam a22001457a 4500 | ||
|---|---|---|---|
| 005 | 20260422143313.0 | ||
| 008 | 260422b |||||||| |||| 00| 0 eng d | ||
| 020 | _a9781919855790 | ||
| 050 |
_aP95.82 _b.A35 |
||
| 100 | _aKruger, Franz | ||
| 245 |
_aRadio Journalism Toolkit _cFranz Kruger |
||
| 260 |
_aJohannesburg _bInstitute for the Advancement of Journalism _bSTE Publishers _c2006 |
||
| 300 |
_avarious paging _bill. some color _c23cm |
||
| 942 |
_2lcc _cBK _n0 |
||
| 999 |
_c9497 _d9497 |
||